Values & ethics in business : (Record no. 14173)
[ view plain ]
| 000 -LEADER | |
|---|---|
| fixed length control field | 00562nam a22001697a 4500 |
| 003 - CONTROL NUMBER IDENTIFIER | |
| control field | PILC |
| 005 - DATE AND TIME OF LATEST TRANSACTION | |
| control field | 20150112093425.0 |
| 008 - FIXED-LENGTH DATA ELEMENTS--GENERAL INFORMATION | |
| fixed length control field | 130213t xxu||||| |||| 00| 0 eng d |
| 020 ## - INTERNATIONAL STANDARD BOOK NUMBER | |
| International Standard Book Number | 9715540139 |
| 050 ## - LIBRARY OF CONGRESS CALL NUMBER | |
| Classification number | HF 5387 |
| Item number | .M344 1997 |
| 082 ## - DEWEY DECIMAL CLASSIFICATION NUMBER | |
| Classification number | EtSFf 174.4 |
| Item number | M14 1997 |
| 100 ## - MAIN ENTRY--PERSONAL NAME | |
| Personal name | Macdonald, Roderick J. |
| 9 (RLIN) | 10845 |
| 245 ## - TITLE STATEMENT | |
| Title | Values & ethics in business : |
| Statement of responsibility, etc | Roderick J. Macdonald with Patrick Pichette |
| Remainder of title | designing the ethical corporation / |
| 260 ## - PUBLICATION, DISTRIBUTION, ETC. (IMPRINT) | |
| Place of publication, distribution, etc | Manila |
| Name of publisher, distributor, etc | Sinag-tala Publishers |
| Date of publication, distribution, etc | 1997 |
| 300 ## - PHYSICAL DESCRIPTION | |
| Extent | 119 pages : |
| Dimensions | 22 cm |
| Other physical details | illustration ; |
| 942 ## - ADDED ENTRY ELEMENTS (KOHA) | |
| Source of classification or shelving scheme | Library of Congress Classification |
| Koha item type | Books |
| Withdrawn status | Lost status | Source of classification or shelving scheme | Damaged status | Home library | Current library | Shelving location | Date acquired | Total Checkouts | Full call number | Barcode | Date last seen | Copy number | Price effective from | Koha item type |
|---|---|---|---|---|---|---|---|---|---|---|---|---|---|---|
| Library of Congress Classification | Southville International School Affiliated with Foreign Universities Library | Southville International School Affiliated with Foreign Universities Library | Southville Foreign University Section | 02/13/2013 | HF 5387 .M344 1997 | SFU1307 | 05/15/2018 | 1 | 02/13/2013 | Books |